|
|
|
|
| LEADER |
00000cam a2200000 a 4500 |
| 001 |
vtls001333112 |
| 003 |
SK-MaSNL |
| 005 |
20260301065930.0 |
| 008 |
240322s1998 xo frnf 000 0 slo |
| 015 |
|
|
|a SNBA1998/09-03286
|
| 020 |
|
|
|a 808879689X
|q (brožované)
|
| 035 |
|
|
|a SNK000286029
|
| 040 |
|
|
|a SNK
|b slo
|c SNK
|e AACR2
|
| 041 |
0 |
|
|a slo
|b eng
|
| 044 |
|
|
|a xo
|c SK
|
| 072 |
|
7 |
|a 37
|x Výchova a vzdelávanie
|2 konspekt
|
| 080 |
|
|
|a 371.3(035)
|2 1997
|
| 080 |
|
|
|a 37.018.8
|2 2011
|
| 080 |
|
|
|a 37.017
|2 2011
|
| 080 |
|
|
|a 37.091:005.25
|2 2011
|
| 080 |
|
|
|a (035)
|2 2011
|
| 080 |
|
|
|a 37.091.3
|2 2011
|
| 080 |
|
|
|a 37.011.3-051
|2 2011
|
| 100 |
1 |
|
|a Turek, Ivan,
|d 1944-2016
|4 aut
|9 213793
|
| 245 |
1 |
0 |
|a Zvyšovanie efektívnosti vyučovania
|c Ivan Turek
|
| 250 |
|
|
|a 2. dopl. vyd.
|
| 260 |
|
|
|a Bratislava
|b Edukácia
|c 1998
|
| 300 |
|
|
|a 326 strán
|c 21 cm
|
| 366 |
|
|
|e 2000 výtl.
|
| 504 |
|
|
|a Bibliografia na strane 313-324
|
| 546 |
|
|
|a Anglické resumé
|
| 650 |
0 |
7 |
|a vyučovanie
|2 SNKPH
|9 1522
|
| 650 |
0 |
7 |
|a výchovno-vzdelávacie ciele
|2 SNKPH
|9 71474
|
| 650 |
0 |
7 |
|a vyučovacie metódy
|2 SNKPH
|9 1521
|
| 650 |
0 |
7 |
|a manažment školy
|2 SNKPH
|9 67970
|
| 650 |
0 |
7 |
|a učitelia
|2 SNKPH
|9 3995
|
| 655 |
|
7 |
|a príručky
|2 SNKPH
|9 74364
|
| 919 |
|
|
|a 80-88796-89-X
|
| 954 |
|
|
|a odborná, vedecká literatúra pôvodná (slovenská)
|2 lita
|
| 958 |
|
|
|a EUIPO
|
| 958 |
|
|
|a TL
|
| 958 |
|
|
|a NB
|
| 958 |
|
|
|a OND
|
| 999 |
|
|
|c 632522
|d 634452
|
| 952 |
|
|
|t P60, <09>, [BOOK], {629}
|a SNK
|b SNK
|y NEVYP
|7 0
|o snkC 499
|i snk960/980608
|0 0
|1 0
|4 0
|d 1998-06-04
|l 0
|r 2005-01-02 00:00:00
|w 2026-02-23
|
| 952 |
|
|
|a SNK
|b SNK
|y PREZ
|7 0
|p 17A0141556
|o snkSC 96001
|i snkKSP 5922/98
|0 0
|1 0
|4 0
|d 1998-06-04
|f 1
|l 0
|r 2025-09-16 00:00:00
|w 2026-02-23
|
| 952 |
|
|
|a SNK
|b SNK
|y VYP
|7 0
|p 17A0462631
|o snkSC 96001 D1
|i snkKSP 5923/98
|3 Popísaná
|0 0
|1 0
|4 0
|d 1998-06-04
|l 1
|r 2026-03-18 14:03:55
|s 2026-02-28
|w 2026-02-23
|